000 00450nam a2200157 i 4500
001 37002
003 ES-MaACL
005 20230906155502.0
007 t|
008 030220q19001999fr ||||1| fre d
100 1 _aBrunetière, Ferdinand.
_932173
245 1 0 _aEssais sur la littérature contemporaine /
_cpar Ferdinand Brunetière.
260 _aParis :
_b[s.n.,
_c19--?] (
_fImp. Chaix)
300 _a356 p. ;
_c19 cm.
852 _aES-MaACL
_jF-8423
999 _c37002
_d37002